Music Quiz

Random Music or Color Quiz

Colorful Bands Picture Click Quiz Stats

 Plays Quiz Updated Aug 5, 2017

Support Sporcle.
Go Orange.
Score 0/12 Timer 05:00
2 Plays Today
% Correct
RED Hot Chili Peppers
98%
GREEN Day
97.1%
PINK Floyd
96.9%
The WHITE Stripes
93%
BLUE Oyster Cult
90.9%
Deep PURPLE
90.8%
The BLACK Keys
88.9%
MAROON 5
88.3%
YELLOWcard
82.5%
Zac BROWN Band
82.2%
Rymes with ORANGE
74.3%
SILVERchair
73.8%

You're not logged in!

Compare scores with friends on all Sporcle quizzes.
OR
Log In
Forgot?

From the Vault

Logical Logic Puzzle

by puckett86

This quiz is so logical it's positively Vulcan.
Remove Ads.
Support Sporcle.
Get the best of Sporcle when you Go Orange. This ad-free experience offers more features, more stats, and more fun while also helping to support Sporcle. Thank you for becoming a member.

Show Comments

Extras

Top Quizzes Today


Score Distribution

Your Account Isn't Verified!

In order to create a playlist on Sporcle, you need to verify the email address you used during registration. Go to your Sporcle Settings to finish the process.

Report this User

Report this user for behavior that violates our Community Guidelines.

Details: